Religion Quiz

Random Religion or Bible Quiz

60 Second Blitz: The Lord's Prayer Quiz Stats

Quiz Updated Oct 12, 2016

Challenge
Share
Tweet
Embed
Score 0/65 Timer 01:00
9 Plays Today
% Correct
on
96.1%
in
96%
in
96%
Our
95.7%
our
95.7%
our
95.7%
our
95.2%
heaven,
95.1%
Heaven.
95.1%
Father
94.8%
be
93.3%
be
93.3%
thy
93.2%
Thy
93.2%
Thy
93.2%
which
93.1%
name.
92%
art
91.1%
kingdom
89.5%
kingdom,
89.5%
as
88.4%
as
88.4%
will
88.4%
come.
87.5%
done
87.4%
is
87%
is
87%
us
86.9%
us
86.9%
us
86.9%
us
86.9%
earth
86.7%
hallowed
86.3%
% Correct
it
84.2%
Give
83.6%
For
80.4%
daily
79.2%
bread,
79.1%
this
76.8%
day
76.5%
and
76.3%
And
76.3%
and
76.3%
and
76.3%
forgive
72.6%
forgive
72.6%
debts,
64.7%
the
60.4%
the
60.4%
the
60.4%
we
60%
lead
42.5%
not
40.6%
into
37.6%
temptation,
35.3%
deliver
33.7%
debtors.
31.3%
but
30.1%
from
30%
evil.
29.4%
thine
27.8%
power,
22%
glory,
21%
Amen
20.1%
forever.
16.5%

You're not logged in!

Compare scores with friends on all Sporcle quizzes.
Join for Free
OR
Log In

You Might Also Like...

Show Comments

Extras

Top Quizzes Today


Score Distribution

Your Account Isn't Verified!

In order to create a playlist on Sporcle, you need to verify the email address you used during registration. Go to your Sporcle Settings to finish the process.

Report this User

Report this user for behavior that violates our Community Guidelines.

Details: